US States with H - Statistics

General Stats
  • This quiz has been taken 315 times
  • The average score is 12 of 14
Answer Stats
State % Correct
New Hampshire
96%
Hawaii
92%
North Dakota
91%
North Carolina
89%
South Dakota
89%
South Carolina
88%
Washington
86%
Ohio
84%
Idaho
83%
Michigan
82%
Utah
78%
Oklahoma
77%
Rhode Island
76%
Massachusetts
73%
No matching quizzes found
Score Distribution
Percent of People with Each Score
Percentile by Number Answered
Your Score History
You have not taken this quiz